| 000 | 00350 a2200157 4500 | ||
|---|---|---|---|
| 001 | 69109 | ||
| 020 | _a8530503358 | ||
| 040 | _cAnchieta - Itaigara | ||
| 100 | _aMachado, Ana Maria | ||
| 240 | 1 | 0 |
_aGente bem diferente _lpor |
| 245 | 1 | 0 | _aGente bem diferente |
| 300 | _a31 | ||
| 362 | 0 | _a2004 | |
| 650 | 4 | _aLiteratura infanto-juvenil | |
| 942 | _cBK | ||
| 999 |
_c69109 _d69109 |
||